000 00496nam a2200157 a 4500
001 000048501
005 20201002061211.0
008 190325s2015 dr a r 000 spa d
040 _aDO-SdBNP
_bspa
_cBNPHU
082 _axxx
_bL581p
100 _aLeonardo de Núñez, Reina
_919078
245 1 0 _aPinceladas históricas en música y palabras. /
_cReina Leonardo de Nuñez.
260 _a[Santo Domingo] :
_bMediabyte,
_c2015.
300 _a26 p. :
_bil. ;
_c22 cm.
590 _aInventariado, 2019 / DG
999 _c47989
_d47989